000 00430nam a2200193Ia 4500
008 210210b1837 xxu||||| |||| 00| 0 eng d
041 _aeng
082 _a940/42
100 _aCARLYLE (T)
245 _aFrench revolution Vol III
260 _aLondon
_bChapman & Hall
_c1837
440 _a3
650 _aVol
650 _arevolution
650 _aII
650 _aFrench
690 _aEuropean History
906 _a025112
999 _c150961
_d150961